| 000 | 00498nam a22001937a 4500 | ||
|---|---|---|---|
| 003 | OSt | ||
| 005 | 20140310182339.0 | ||
| 008 | 130312t xxu||||| |||| 00| 0 eng d | ||
| 020 | _a1557232520 | ||
| 050 |
_aPZ 8 _b.B384 |
||
| 082 |
_aGS 398.2 21 _bB38 |
||
| 245 | _aBeauty and the beast / | ||
| 260 |
_bUSA : _aWalt Disney Studios Home Entertainment, |
||
| 300 |
_a24 p. : _c21 cm. |
||
| 650 |
_aFairy tales _93114 |
||
| 650 |
_aFolklore _xFrance _921668 |
||
| 942 |
_2lcc _cBK-GS |
||
| 999 |
_c12109 _d12109 |
||